Countries by Best Eurovision Entry - Statistics

General Stats
  • This quiz has been taken 9 times
  • The average score is 41 of 52
Answer Stats
Hint Answer % Correct
Fuego Cyprus
100%
Ein bißchen Frieden Germany
100%
Insieme: 1992; Grande Amore Italy
100%
Un banc, un arbre, une rue Monaco
100%
Fairytale Norway
100%
Say Na Na Na San Marino
100%
Nekonečná pieseň; Kým nás máš Slovakia
100%
Heroes Sweden
100%
Rock Me; Džuli Yugoslavia
100%
Sound of Silence Australia
83%
Rise Like a Phoenix Austria
83%
Running Scared; Hold Me Azerbaijan
83%
J'aime la vie Belgium
83%
Rim Tim Tagi Dim Croatia
83%
Lie To Me Czechia
83%
Fly On The Wings Of Love Denmark
83%
Hard Rock Hallelujah Finland
83%
L'Oiseau et l'Enfant; Un, deux, trois France
83%
My Number One; Shake It Greece
83%
Rock 'n' Roll Kids Ireland
83%
A-ba-ni-bi Israel
83%
I Wanna Latvia
83%
Tu te reconnaîtras Luxembourg
83%
Hey Mamma Moldova
83%
Adio Montenegro
83%
Amar pelos dois Portugal
83%
Moltiva Serbia
83%
La, la, la; Eres tú Spain
83%
The Code Switzerland
83%
Everyway That I Can Turkey
83%
Stefania Ukraine
83%
Save Your Kisses For Me United Kingdom
83%
Suus Albania
67%
Salvem el món Andorra
67%
Not Alone Armenia
67%
Lejla Bosnia & Herzegovina
67%
Beautiful Mess Bulgaria
67%
Everybody Estonia
67%
Kinek mondjam el vétkeimet Hungary
67%
Is It True?; All Out Of Luck Iceland
67%
We Are The Winners Lithuania
67%
7th Wonder Malta
67%
Bitakat Hob Morocco
67%
Ding-a-dong Netherlands
67%
Proud North Macedonia
67%
To nie ja Poland
67%
Playing With Fire; Tornerò Romania
67%
Believe; A Million Voices Russia
67%
Lane moje Serbia & Montenegro
67%
Work Your Magic Belarus
50%
Shine Georgia
50%
Prisluhni mi Slovenia
50%
No matching quizzes found
Score Distribution
Percent of People with Each Score
Percentile by Number Answered
Your Score History
You have not taken this quiz